| 000 | 00912nam a2200301 a 4500 | ||
|---|---|---|---|
| 001 | 000017429 | ||
| 003 | DO-SdBNP | ||
| 005 | 20180131130815.0 | ||
| 007 | 000017429 | ||
| 008 | 100324s1998 dr 000 p spa d | ||
| 040 |
_aBPMET _bspa _cBPMET |
||
| 092 |
_a883.2 _bH766o |
||
| 100 | 1 | _aHomero | |
| 245 | 1 | 3 |
_aLa odisea / _cHomero ; edición y prólogo Diógenes Céspedes. |
| 260 |
_aSanto Domingo : _bEditora de Colores, _c1998. |
||
| 300 |
_a110 p. ; _c21 cm. |
||
| 490 | 1 | _aClásicos de colores | |
| 650 | 4 | _aPOESÍA EPÍCA GRIEGA | |
| 650 | 4 | _aLITERATURA GRIEGA | |
| 700 | 1 |
_aCéspedes, Diógenes, _epról., |
|
| 830 | 0 | _aClásicos de colores | |
| 930 | 1 |
_l _m _8 _f _p _g |
|
| 942 |
_2ddc _cBK |
||
| 945 | _aInventariado extranjero / 2017 VM | ||
| 956 |
_aIGARCIA _b10 _c20100421 _lBND01 _h1135 |
||
| 956 |
_aMGARCIA _b10 _c20100424 _lBND01 _h1149 |
||
| 956 |
_aVMATEO _b10 _c20150507 _lBMET02 _h00151 |
||
| 999 |
_c7805 _d7805 |
||